00492nam a2200145 a 450000500170000000800410001702000180005805000230007624500280009926000370012730000140016444000280017899900190020695201210022520140412111419.0070906s19uu xx 00 eng d a1-84577-061-7 aTR(PS EbLi72 2007 aLittle red riding hood. aChina :bBerryland books,c2004. a1 v. unp. aTreasured tales CD book c105953d105953 001040aELbELcTRd2007-09-06eLib. Fundg60.00l0oTR(PS E Li72 2007pE11015r2014-04-12 00:00:00w2014-04-12yBK